000 01957nam a2200373 a 4500
001 ebr10003025
003 CaPaEBR
006 m u
007 cr cn|||||||||
008 010510s2001 inub sb s001 0 eng
010 _z 2001002831
020 _z0253340195 (acid-free paper)
040 _aCaPaEBR
_cCaPaEBR
035 _a(OCoLC)609017024
050 1 4 _aF314
_b.H75 2001eb
082 0 4 _a975.9
_221
100 1 _aHoffman, Paul E.,
_d1943-
245 1 0 _aFlorida's frontiers
_h[electronic resource] /
_cPaul E. Hoffman.
260 _aBloomington :
_bIndiana University Press,
_cc2001.
300 _axvi, 470 p. :
_bmaps.
490 1 _aA history of the trans-appalachian frontier
504 _aIncludes bibliographical references (p. [429]-456) and index.
505 0 _aThe secrets of the land -- Discovering the secrets -- The Spanish tidewater frontier, first phase, 1562-1586 -- The tidewater frontier, second phase, 1586-1608 -- The inland frontier, 1608-1650 -- Death, rebellion, a new accommodation, and new defenses: La Florida's frontiers, 1650-1680 -- The first contests with the English, 1680-1702 -- The military frontier, at last, 1702-1763 -- New tidewater frontiers, 1763-1790 -- The American frontier envelops east Florida, 1790-1821 -- The American frontiers, 1821-1860.
533 _aElectronic reproduction.
_bPalo Alto, Calif. :
_cebrary,
_d2013.
_nAvailable via World Wide Web.
_nAccess may be limited to ebrary affiliated libraries.
650 0 _aFrontier and pioneer life
_zFlorida.
650 0 _aHuman geography
_zFlorida.
651 0 _aFlorida
_xHistory
_yTo 1821.
651 0 _aFlorida
_xHistory
_y1821-1865.
651 0 _aFlorida
_xEthnic relations.
655 7 _aElectronic books.
_2local
710 2 _aebrary, Inc.
830 0 _aHistory of the trans-Appalachian frontier.
856 4 0 _uhttp://site.ebrary.com/lib/rucke/Doc?id=10003025
_zAn electronic book accessible through the World Wide Web; click to view
999 _c2474
_d2474